| 000 | 00764nam a2200277 b 4500 | ||
|---|---|---|---|
| 005 | 20230628184957.0 | ||
| 008 | 061129s2015 sp | ||| ||spa | ||
| 020 | _a9786077075226 | ||
| 041 | 1 | _aESP | |
| 082 | _a005.133 G633d | ||
| 100 | 1 |
_aGómez Jiménez, Enrique _981953 |
|
| 245 | 1 | 0 | _aDesarrollo de Software con Neatbeans 7.1: ¡Programe para escritorio, web y dispositivos móviles! |
| 260 | _aMéxico | ||
| 260 | _bAlfaomega | ||
| 260 | _c2015 | ||
| 300 | _a472 páginas | ||
| 650 |
_aINFORMÁTICA _981954 |
||
| 650 |
_aNEATBEANS _981955 |
||
| 650 |
_aJAVA _981956 |
||
| 650 |
_aPROGRAMACIÓN _981957 |
||
| 650 |
_aMYSQL _981958 |
||
| 650 |
_aHTML5 _981959 |
||
| 650 |
_aINGENIERÍA WEB _981960 |
||
| 650 |
_aSPRING WEB _981961 |
||
| 942 | _cBK | ||
| 999 |
_c11546 _d11546 |
||